000 00786nam a2200265 a 4500
001 42881
003 BD-RjUL
005 20211209053616.0
008 160616s1963 enka 001 0 eng
035 _a(BD-RjUL)42999
035 _a(OCoLC)3698305
040 _aDLC
_cNBrockU
_dUk
_dDLC
_dBD-RjUL
_beng
041 _aeng
082 _a330
_222
_bBLU 1963
100 1 _aBlyth, Conrad
_9131711
245 1 4 _aThe use of economic statistics /
_cConrad Blyth
250 _a2nd ed.
260 _aLondon :
_bAllen & Unwin,
_c1963.
300 _a249 p. :
_bill. ;
_c22 cm.
500 _aIncludes index
650 0 _aEconomic
_9131712
830 _aMinerva series of students' handbooks,
_vno. 5
_9129432
942 _2ddc
_cBK
999 _c42881
_d42881